Cape Verde 2026 FIFA World Cup Squad - Statistics

General Stats
  • This quiz has been taken 10 times
  • The average score is 6 of 27
Answer Stats
# Position Player % Correct
FW Jovane Cabral
71%
DF Sidny Lopes Cabral
57%
GK Vozinha
57%
MF Jamiro Monteiro
43%
DF Logan Costa
43%
FW Nuno da Costa
43%
FW Dailon Livramento
29%
FW Garry Rodrigues
29%
MF Kevin Pina
29%
DF Wagner Pina
29%
FW Willy Semedo
29%
MF Yannick Semedo
29%
MF Deroy Duarte
14%
FW Hélio Varela
14%
MF Laros Duarte
14%
DF Pico
14%
© FW Ryan Mendes
14%
MF Telmo Arcanjo
14%
FW Benchimol
0%
Manager Bubista
0%
GK CJ dos Santos
0%
DF Diney
0%
DF João Paulo
0%
DF Kelvin Pires
0%
GK Márcio Rosa
0%
DF Steven Moreira
0%
DF Stopira
0%
No matching quizzes found
Score Distribution
Percent of People with Each Score
Percentile by Number Answered
Your Score History
You have not taken this quiz